000 01091nmc a2200361 a 4500
003 AR-BaBNM
005 20251128204329.0
008 011101s1991 ||||||||||||||000 | spa||
020 _a950-550-068-8
040 _cAR-BaBNM
245 1 0 _aLa educación de adultos como organización para el desarrollo social
260 _aBuenos Aires
_bMagisterio del Río de la Plata
_c1991
300 0 _a103 p.
_btablas
490 0 _aRespuestas educativas
504 _aContiene bibliografía al final de cada capítulo
650 4 _aEDUCACION Y DESARROLLO
650 4 _aEDUCACION PARA EL DESARROLLO
650 4 _aALUMNOS ADULTOS
650 4 _aPROGRAMAS DE FORMACION
650 4 _aPROGRAMAS DE EDUCACION DE ADULTOS
650 4 _aJOVENES
650 4 _aEDUCACION DE ADULTOS
650 4 _aANIMACION CULTURAL
650 4 _aDESARROLLO CULTURAL
653 0 _aESTRATEGIAS EDUCATIVAS
653 0 _aEDUCACION POPULAR
700 1 _aAnder-Egg, Ezequiel
700 1 _aGelpi, Ettore
700 1 _aKambarage Nyerere, Julius
700 1 _aFluitman, Fred
942 _cBK
998 _cCarmen
999 _c7047
_d7047